Southville International School and Colleges
Your cart is empty.
  • Cart
  • Lists
    Public lists Eva Luna New books Lux_list list_1
    Your lists Log in to create your own lists
  • Log in to your account
  • Your cookies
  • Search history
Southville International School and Colleges
  • Advanced search
  • Recent comments
  • Most popular
  • Libraries

Log in to your account

Log in with GOOGLE


If you do not have an external account, but do have a local account, you can still log in:

  1. Home
  2. MARC view: Salawikain, kawikaan, at bugtong
Normal view MARC view ISBD view

Salawikain, kawikaan, at bugtong (Record no. 1488)

[ view plain ]
MARC details
000 -LEADER
fixed length control field 00498nam a22001937a 4500
003 - CONTROL NUMBER IDENTIFIER
control field OSt
005 - DATE AND TIME OF LATEST TRANSACTION
control field 20140310181709.0
008 - FIXED-LENGTH DATA ELEMENTS--GENERAL INFORMATION
fixed length control field 121206t xxu||||| |||| 00| 0 eng d
020 ## - INTERNATIONAL STANDARD BOOK NUMBER
International Standard Book Number 9789712721489
050 ## - LIBRARY OF CONGRESS CALL NUMBER
Classification number PN 6377
Item number .B454 2009
082 ## - DEWEY DECIMAL CLASSIFICATION NUMBER
Classification number FIL 398.9
Item number B41 2009
100 ## - MAIN ENTRY--PERSONAL NAME
Personal name Belvez, Paz M.
245 ## - TITLE STATEMENT
Title Salawikain, kawikaan, at bugtong
Statement of responsibility, etc Paz M. Belvez.
260 ## - PUBLICATION, DISTRIBUTION, ETC. (IMPRINT)
Place of publication, distribution, etc Manila :
Name of publisher, distributor, etc Anvil,
Date of publication, distribution, etc 2009.
300 ## - PHYSICAL DESCRIPTION
Extent v, 96 p. :
Dimensions 18 cm.
650 ## - SUBJECT ADDED ENTRY--TOPICAL TERM
Topical term or geographic name as entry element Riddles
942 ## - ADDED ENTRY ELEMENTS (KOHA)
Source of classification or shelving scheme Library of Congress Classification
Koha item type Books
Holdings
Withdrawn status Lost status Source of classification or shelving scheme Damaged status Home library Current library Shelving location Date acquired Total Checkouts Full call number Barcode Date last seen Copy number Price effective from Koha item type
    Library of Congress Classification   Luxembourg Library Luxembourg Library Filipiniana Section 12/06/2012   PN 6377 .B454 2009 18027 08/13/2013 1 10/03/2013 Books
    Library of Congress Classification   Luxembourg Library Luxembourg Library Filipiniana Section 06/27/2013   PN 6377 .B454 2009 18026 08/13/2013 2 06/27/2013 Books

Salawikain, kawikaan, at bugtong

APA

Belvez P. M., . (2009). Salawikain, kawikaan, at bugtong. Manila: Anvil.

Chicago

Belvez Paz M, . 2009. Salawikain, kawikaan, at bugtong. Manila: Anvil.

Harvard

Belvez P. M., . (2009). Salawikain, kawikaan, at bugtong. Manila: Anvil.

MLA

Belvez Paz M, . Salawikain, kawikaan, at bugtong. Manila: Anvil. 2009.

  • Place hold
  • Print
  • Cite
  • Add to your cart (remove)
  • Save record
    BIBTEX Dublin Core MARCXML MARC (non-Unicode/MARC-8) MARC (Unicode/UTF-8) MARC (Unicode/UTF-8, Standard) MODS (XML) RIS
  • More searches
    Search for this title in:
    Other Libraries (WorldCat) Other Databases (Google Scholar) Online Stores (Bookfinder.com) Open Library (openlibrary.org)

Exporting to Dublin Core...

SOUTHVILLE LIBRARY

Southville International School and Colleges Library

1281 Tropical Ave. Cor. Luxembourg St., BF Homes International, Las Pinas City

Tel. No. 8256374 / 252358 Loc. 117/146

Powered by Koha